000 00423nam a22001577a 4500
008 240830b |||||||| |||| 00| 0 eng d
020 _a 9781787734425
082 _a791.43
100 _aLob, Jacques.
245 _aSnowpiercer Vol. 1:
_bThe Escape
260 _aUnited Kingdom:
_bTitan Comics,
_c2021.
300 _a110 p.;
_bill,
_c27.5 cm
700 _aRochete, Jean Mark.
_eArtist
942 _2ddc
999 _c9988
_d9989